00527nam a22001457a 4500003000500000038001800005082000800023100001700031245013200048264003500180300002500215650005100240700003300291856005700324NUST aNusrat Nadeem a200 aShah, Aishah aEvaluating User Interface and User Experience in Immersive Environments – A Comprehensive Evaluation Framework/cAishah Shah, aIslamabad,c2023.bSEECS NUST; aill:b122,p:c30,cm. aMS- Innovative Technologies in Learning (ITL) aSupervisor: Dr. Arham Muslim uhttp://10.250.8.41:8080/xmlui/handle/123456789/38927